[Event "Fredrikstad CC-ch"]
[Site "Fredrikstad"]
[Date "2003.04.16"]
[Round "9"]
[White "Olsen, Arvid"]
[Black "Slang, Harry"]
[Result "1/2-1/2"]
[WhiteElo "1188"]
[BlackElo "1118"]
[PlyCount "38"]
[EventDate "2003.01.??"]
[EventType "swiss"]
[EventRounds "11"]
[EventCountry "NOR"]
[SourceTitle "EXT 2005"]
[Source "ChessBase"]
[SourceDate "2004.11.15"]
[SourceVersion "1"]
[SourceVersionDate "2004.11.15"]
[SourceQuality "1"]

1. e4 c6 2. Nc3 d5 3. d4 dxe4 4. Nxe4 g6 5. Nf3 Bg7 6. h3 Nd7 7. Bf4 Ngf6 8. Nxf6+ Nxf6 9. c3 Nd5 10. Bd2 Nf6 11. Bc4 0-0 12. 0-0 e6 13. Qc1 Nd5 14. Re1 Bf6 15. Re4 Ne7 16. Bg5 Bxg5 17. Nxg5 h6 18. Nf3 Kg7 19. Bd3 Nf5 1/2-1/2